Biology: a global approach Ed 10 (Record no. 169710)
[ view plain ]
| 000 -LEADER | |
|---|---|
| fixed length control field | 00682nam a2200229Ia 4500 |
| 003 - CONTROL NUMBER IDENTIFIER | |
| control field | OSt |
| 005 - DATE AND TIME OF LATEST TRANSACTION | |
| control field | 20230411160655.0 |
| 008 - FIXED-LENGTH DATA ELEMENTS--GENERAL INFORMATION | |
| fixed length control field | 210423s2015 xx 000 0 und d |
| 020 ## - INTERNATIONAL STANDARD BOOK NUMBER | |
| International Standard Book Number | 978-1-292-00865-3 |
| 040 ## - CATALOGING SOURCE | |
| Transcribing agency | AL |
| 041 ## - LANGUAGE CODE | |
| Language code of text/sound track or separate title | eng |
| 082 ## - DEWEY DECIMAL CLASSIFICATION NUMBER | |
| Classification number | 574 |
| Edition number | 23 |
| Item number | CAMB |
| 100 ## - MAIN ENTRY--PERSONAL NAME | |
| Personal name | CAMPBELL (Neil A);REECE (Jane B);URRY (Lisa A);CAIN (Michael L);WASSERMAN (Stevan A);MINORSKY (Peter V);JACKSON (Robert B) |
| 9 (RLIN) | 86453 |
| 245 ## - TITLE STATEMENT | |
| Title | Biology: a global approach Ed 10 |
| 250 ## - EDITION STATEMENT | |
| Edition statement | 10 |
| 260 ## - PUBLICATION, DISTRIBUTION, ETC. | |
| Place of publication, distribution, etc. | Boston |
| Name of publisher, distributor, etc. | Pearson |
| Date of publication, distribution, etc. | 2015 |
| 300 ## - PHYSICAL DESCRIPTION | |
| Extent | 1-1351, A-2 I-56 |
| Other physical details | PB |
| 365 ## - TRADE PRICE | |
| Price amount | 4772.66 |
| Currency code | GBP |
| 650 ## - SUBJECT ADDED ENTRY--TOPICAL TERM | |
| Topical term or geographic name entry element | Biology |
| 9 (RLIN) | 86454 |
| 906 ## - LOCAL DATA ELEMENT F, LDF (RLIN) | |
| a | 10 ; approach ; Biology: ; global |
| 942 ## - ADDED ENTRY ELEMENTS (KOHA) | |
| Source of classification or shelving scheme | Dewey Decimal Classification |
| Koha item type | Book |
| Withdrawn status | Lost status | Damaged status | Not for loan | Collection code | Home library | Current library | Date acquired | Source of acquisition | Cost, normal purchase price | Total Checkouts | Full call number | Barcode | Date last seen | Price effective from | Koha item type |
|---|---|---|---|---|---|---|---|---|---|---|---|---|---|---|---|
| Bio Chemistry | St Aloysius PG Library | St Aloysius PG Library | 12/29/2018 | R V Books Distributors, Blore | 4772.66 | 574 CAMB | PG016212 | 08/24/2022 | 04/26/2021 | Book |